Математическое моделирование волновых процессов в армированных композитах; Перспективы развития фундаментальных наук

Bibliographische Detailangaben
Parent link:Перспективы развития фундаментальных наук.— 2015.— [С. 266-268]
1. Verfasser: Уцын Г. Е. Григорий Евгеньевич
Körperschaft: Национальный исследовательский Томский политехнический университет (ТПУ) Институт неразрушающего контроля (ИНК) Проблемная научно-исследовательская лаборатория электроники, диэлектриков и полупроводников (ПНИЛ ЭДиП)
Weitere Verfasser: Фурса Т. В. Татьяна Викторовна (научный руководитель)
Zusammenfassung:Заглавие с экрана
A new approach to the analysis of experimental data non-destructive testing, based on the effect of mechanoelectrical transformations. The results of mathematical modeling of wave process in an environment with a given geometric size. Two options are considered: in a homogeneous environment with heterogeneity in the form of areas with different elastic properties.
Sprache:Russisch
Veröffentlicht: 2015
Schriftenreihe:Физика
Schlagworte:
Online-Zugang:http://earchive.tpu.ru/handle/11683/19159
http://www.lib.tpu.ru/fulltext/c/2015/C21/078.pdf
Format: MixedMaterials Elektronisch Buchkapitel
KOHA link:https://koha.lib.tpu.ru/cgi-bin/koha/opac-detail.pl?biblionumber=612981

MARC

LEADER 00000naa2a2200000 4500
001 612981
005 20231101132732.0
035 |a (RuTPU)RU\TPU\conf\11112 
035 |a RU\TPU\conf\11104 
090 |a 612981 
100 |a 20150702d2015 k y0rusy50 ca 
101 0 |a rus  |d eng 
102 |a RU 
105 |a a z 101zy 
135 |a drcn ---uucaa 
181 0 |a i  
182 0 |a b 
200 1 |a Математическое моделирование волновых процессов в армированных композитах  |d Mathematical modeling of wave processes in reinforced composites  |f Г. Е. Уцын, Т. В. Фурса  |g науч. рук. Т. В. Фурса 
203 |a Текст  |c электронный 
215 |a 1 файл(265 Кб) 
225 1 |a Физика 
230 |a Электронные текстовые данные (1 файл: 265 Кб) 
300 |a Заглавие с экрана 
320 |a [Библиогр.: с. 268 (4 назв.)] 
330 |a A new approach to the analysis of experimental data non-destructive testing, based on the effect of mechanoelectrical transformations. The results of mathematical modeling of wave process in an environment with a given geometric size. Two options are considered: in a homogeneous environment with heterogeneity in the form of areas with different elastic properties. 
337 |a Adobe Reader 
463 1 |0 (RuTPU)RU\TPU\conf\10376  |t Перспективы развития фундаментальных наук  |l Prospects of fundamental sciences development  |o сборник научных трудов XII Международной конференция студентов и молодых ученых, г. Томск, 21-24 апреля 2015 г.  |f Национальный исследовательский Томский политехнический университет (ТПУ) ; Национальный исследовательский Томский государственный университет (ТГУ) ; Томский государственный архитектурно-строительный университет (ТГАСУ) ; Томский государственный университет систем управления и радиоэлектроники (ТУСУР) ; ред. кол. И. А. Курзина ; Г. А. Воронова ; С. А. Поробова  |v [С. 266-268]  |d 2015 
510 1 |a Mathematical modeling of wave processes in reinforced composites  |z eng 
610 1 |a электронный ресурс 
610 1 |a труды учёных ТПУ 
610 1 |a математическое моделирование 
610 1 |a волновые процессы 
610 1 |a армированные композиционные материалы 
610 1 |a композиты 
700 1 |a Уцын  |b Г. Е.  |c специалист в области электротехники  |c инженер-исследователь Томского политехнического университета, кандидат физико-математических наук  |f 1982-  |g Григорий Евгеньевич  |2 stltpush  |3 (RuTPU)RU\TPU\pers\32187 
701 1 |a Фурса  |b Т. В.  |c специалист в области неразрушающего контроля  |c ведущий научный сотрудник Томского политехнического университета, доктор технических наук  |f 1951-  |g Татьяна Викторовна  |2 stltpush  |3 (RuTPU)RU\TPU\pers\27723 
702 1 |a Фурса  |b Т. В.  |c специалист в области неразрушающего контроля  |c ведущий научный сотрудник Томского политехнического университета, доктор технических наук  |f 1951-  |g Татьяна Викторовна  |2 stltpush  |4 727 
712 0 2 |a Национальный исследовательский Томский политехнический университет (ТПУ)  |b Институт неразрушающего контроля (ИНК)  |b Проблемная научно-исследовательская лаборатория электроники, диэлектриков и полупроводников (ПНИЛ ЭДиП)  |h 194  |2 stltpush  |3 (RuTPU)RU\TPU\col\19033 
801 1 |a RU  |b 63413507  |c 20101016 
801 2 |a RU  |b 63413507  |c 20210128  |g RCR 
856 4 |u http://earchive.tpu.ru/handle/11683/19159 
856 4 |u http://www.lib.tpu.ru/fulltext/c/2015/C21/078.pdf 
942 |c BK